ČESKOSLOVENSKÉ PRÁVNE NORMY O STRELNÝCH PALNÝCH ZBRANIACH

Bibliographic Details
Main Authors: Kulašík, Karol (Author), Letošťák, Ľudovít, 1940- (Author)
Format: Article
Language:Slovak
Subjects:

MARC

LEADER 00000nab a2200000Ia 4500
001 vtls010768665
003 SK-MaSNL
005 20260304204305.0
008 250718|1976 xo |||||||||||||||||slo|
035 |a (urnnbn)urn:nbn:sk:snk:ar-a02saf 
035 |a (uuid)dd9eb990-fda2-452b-9799-9e4e45ad39ed 
035 |a urn:nbn:sk:snk-ab4nic 
040 |a SNKBUCL  |b slo  |c SNKBUCL  |e AACR2 
041 0 |a slo 
044 |a xo  |c SK 
080 |a 069  |2 2001 
080 |a (083)  |2 2001 
080 |a 351.753.1/.3  |2 2001 
080 |a 623.41/.44  |2 2001 
100 1 |a Kulašík, Karol  |4 aut  |9 942038 
245 1 0 |a ČESKOSLOVENSKÉ PRÁVNE NORMY O STRELNÝCH PALNÝCH ZBRANIACH  |c Karol Kulašík, Ľudovít Letošťák 
650 0 7 |a múzeá  |2 SNKPH  |9 4119 
650 0 7 |a Normy  |2 SNKPH  |9 49788 
650 0 7 |a strelné zbrane  |2 SNKPH  |9 68540 
650 0 7 |a palné zbrane  |2 SNKPH  |9 86626 
700 1 |a Letošťák, Ľudovít,  |d 1940-  |4 aut  |9 100032 
773 0 |t Múzeum : študijný a informačný materiál  |g Roč. 21, č. 4 (1976), s. [32]-34 
850 |a Slovenská národná knižnica 
852 |a Slovenská národná knižnica 
954 |a odborná, vedecká literatúra pôvodná (slovenská)  |2 lita 
958 |a article3 
958 |a OND 
958 |a EUIPO 
999 |c 3115239  |d 3117169